Recursos per als programes municipals de joventut
Publicado:
Barcelona :
Diputació de Barcelona. Gabinet de la Presidència. Assessoria per a Afers de la Joventut ,
1982
Descripción Física:
38 p. ; 29 cm
MARC
| LEADER | 00000nam a2200000Ia 4500 | ||
|---|---|---|---|
| 001 | 22363 | ||
| 003 | BGR | ||
| 005 | 20260324180130.0 | ||
| 008 | 160829s1982 xx 000 0 cat d | ||
| 080 | |a FU-55-8 | ||
| 245 | |a Recursos per als programes municipals de joventut | ||
| 260 | |a Barcelona : |b Diputació de Barcelona. Gabinet de la Presidència. Assessoria per a Afers de la Joventut, |c 1982 | ||
| 300 | |a 38 p. ; |c 29 cm | ||
| 590 | |a Prové de C-7, exp. 30 | ||
| 651 | 0 | |a Barcelona (Catalunya : Província) |x Política de la joventut |9 56246 | |
| 710 | 1 | |a Barcelona (Catalunya : Província). |b Diputació |9 52408 | |
| 901 | |a Arxiu | ||
| 942 | |n 1 |2 udc |c MON | ||
| 952 | |0 0 |1 0 |4 0 |6 FU558 |7 1 |9 53813 |a Arxiu |b Arxiu |d 2016-12-01 |l 0 |o FU-55-8 |p 22363 |r 2016-12-01 00:00:00 |w 2016-12-01 |y ARXIU | ||
| 999 | |c 57679 |d 57679 | ||